[Event "ODEM U25B 2011"]
[Site "Oberhof GER"]
[Date "2011.06.17"]
[Round "8"]
[White "Nobis, Philipp"]
[Black "Siegl, Adrian"]
[Result "1/2-1/2"]
[Termination "normal"]
[Board "5"]
[WhiteElo "1396"]
[BlackElo "1412"]
[PlyCount "86"]
[WhiteFideId "24602183"]
[BlackFideId "12930156"]
[EventCountry "GER"]
[EventRounds "9"]
[EventType "swiss"]
[EventDate "2011.06.11"]

1. c4 c5 2. g3 g6 3. Bg2 Bg7 4. Nc3 Nc6 5. e3 e6 6. Nge2 Nge7 7. O-O O-O 8. d4
cxd4 9. Nxd4 d5 10. cxd5 exd5 11. Nde2 Be6 12. Nf4 d4 13. Nxe6 fxe6 14. exd4
Qxd4 15. Qb3 Qd7 16. Be3 Rab8 17. Rfd1 Nd4 18. Bxd4 Bxd4 19. Rd2 Kh8 20. Nb5 e5
21. Nxd4 exd4 22. Rad1 Nc6 23. Qc4 Qf7 24. Qxf7 Rxf7 25. b3 Re8 26. Bxc6 bxc6
27. Rxd4 Re2 28. R4d2 Rfxf2 29. Rxe2 Rxe2 30. Rd8+ Kg7 31. Rd7+ Kh6 32. Rxa7
Rb2 33. Ra6 c5 34. Ra5 Rc2 35. a4 Rc3 36. Rb5 c4 37. bxc4 Rxc4 38. a5 Ra4 39.
Kg2 g5 40. Rb6+ Kh5 41. h3 Ra2+ 42. Kf3 Ra3+ 43. Kf2 Ra2+ 1/2-1/2

[Event "ODEM U25B 2011"]
[Site "Oberhof GER"]
[Date "2011.06.17"]
[Round "8"]
[White "Buchallik, Jakob"]
[Black "Herrmann, Heribert"]
[Result "1/2-1/2"]
[Termination "normal"]
[Board "6"]
[WhiteElo "1451"]
[BlackElo "1274"]
[PlyCount "73"]
[WhiteFideId "12945749"]
[BlackFideId "12971715"]
[EventCountry "GER"]
[EventRounds "9"]
[EventType "swiss"]
[EventDate "2011.06.11"]

1. e4 d6 2. d4 Nf6 3. Nc3 g6 4. Bc4 Bg7 5. f3 O-O 6. Be3 Nbd7 7. Qd2 a5 8. Nge2
c5 9. Nb5 b6 10. c3 Ba6 11. a4 Ne8 12. Bh6 Nc7 13. Bxg7 Kxg7 14. b3 Nxb5 15.
Bxb5 Bxb5 16. axb5 Qc7 17. c4 e5 18. dxe5 dxe5 19. O-O Rfd8 20. Nc3 Nf8 21. Nd5
Qb8 22. Qg5 Qd6 23. f4 Re8 24. Qg3 exf4 25. Qxf4 Qxf4 26. Rxf4 Ne6 27. Rff1
Rab8 28. Rfe1 Nd4 29. Rab1 Re6 30. e5 Rb7 31. Rb2 Kf8 32. Kf2 h6 33. Re3 Nf5
34. Nf4 Re8 35. Re1 Rd7 36. Nd5 Re6 37. Nf4 1/2-1/2

[Event "ODEM U25B 2011"]
[Site "Oberhof GER"]
[Date "2011.06.17"]
[Round "8"]
[White "Edel, Fenja"]
[Black "Oltmanns, Bianca"]
[Result "1/2-1/2"]
[Termination "normal"]
[Board "7"]
[WhiteElo "1537"]
[BlackElo "1645"]
[PlyCount "112"]
[WhiteFideId "24696749"]
[BlackFideId "24698008"]
[EventCountry "GER"]
[EventRounds "9"]
[EventType "swiss"]
[EventDate "2011.06.11"]

1. e4 e5 2. Nc3 Nf6 3. Bc4 Nc6 4. d3 Bb4 5. f4 d6 6. Nf3 Bd7 7. O-O Bc5+ 8. Kh1
Qe7 9. Nd5 Nxd5 10. Bxd5 O-O-O 11. Bxc6 Bxc6 12. c4 h6 13. f5 g6 14. fxg6 fxg6
15. Qe1 g5 16. b4 Bb6 17. Bb2 a6 18. a4 h5 19. b5 axb5 20. axb5 Be8 21. Qg3 Rg8
22. Bc1 g4 23. Nh4 c6 24. Nf5 Qe6 25. Qh4 Rd7 26. Bg5 Kc7 27. Ra8 Bg6 28. Rfa1
Bxf5 29. exf5 Qf7 30. Rxg8 Qxg8 31. Qxh5 Rh7 32. Qxg4 Be3 33. bxc6 Qxg5 34.
Qxg5 Bxg5 35. cxb7 Kxb7 36. Rb1+ Kc6 37. Ra1 Rb7 38. g4 Kd7 39. Rf1 Ke7 40. Rf3
Kf6 41. Rh3 Rb3 42. Kg2 Rb7 43. Rh8 Rf7 44. h4 Bf4 45. Re8 Rg7 46. Re6+ Kf7 47.
Kh3 Rg8 48. g5 Bxg5 49. hxg5 Rxg5 50. Rxd6 Rxf5 51. c5 Ke7 52. Kg4 Rf1 53. Ra6
Kd7 54. Ra4 Kc6 55. Rc4 Rd1 56. Rc3 Rf1 1/2-1/2

[Event "ODEM U25B 2011"]
[Site "Oberhof GER"]
[Date "2011.06.17"]
[Round "8"]
[White "Eggert, André"]
[Black "Grimm, Tobias"]
[Result "1/2-1/2"]
[Termination "normal"]
[Board "8"]
[WhiteElo "1517"]
[BlackElo "1439"]
[PlyCount "50"]
[WhiteFideId "1270464"]
[EventCountry "GER"]
[EventRounds "9"]
[EventType "swiss"]
[EventDate "2011.06.11"]

1. c4 c6 2. Nc3 d5 3. e3 Nf6 4. Nf3 Bf5 5. d4 e6 6. cxd5 exd5 7. Bd3 Bxd3 8.
Qxd3 Bd6 9. O-O O-O 10. Bd2 Nbd7 11. Rfe1 Re8 12. e4 dxe4 13. Nxe4 Nxe4 14.
Rxe4 Qb6 15. b3 Nf6 16. Rxe8+ Rxe8 17. Re1 Rxe1+ 18. Bxe1 Bf4 19. Qf5 Qc7 20.
Bd2 Bxd2 21. Nxd2 Nd5 22. Qe5 Qxe5 23. dxe5 Kf8 24. g3 Nc3 25. a3 Nb5 1/2-1/2

[Event "ODEM U25B 2011"]
[Site "Oberhof GER"]
[Date "2011.06.17"]
[Round "8"]
[White "von Reppert, Marc"]
[Black "Rößler, Linus Benedict"]
[Result "1-0"]
[Termination "normal"]
[Board "9"]
[WhiteElo "1438"]
[BlackElo "1523"]
[PlyCount "91"]
[WhiteFideId "12918130"]
[BlackFideId "12921076"]
[EventCountry "GER"]
[EventRounds "9"]
[EventType "swiss"]
[EventDate "2011.06.11"]

1. d4 d5 2. c4 e6 3. Nf3 Nf6 4. Bg5 Be7 5. Nc3 O-O 6. e3 b6 7. cxd5 Nxd5 8.
Nxd5 exd5 9. Bf4 Bf5 10. Bd3 Bxd3 11. Qxd3 Nd7 12. O-O Nf6 13. Rac1 Rc8 14. Qa6
c5 15. Qxa7 Ra8 16. Qc7 Rxa2 17. Qxd8 Bxd8 18. dxc5 bxc5 19. Rxc5 Rxb2 20. Rc8
Be7 21. Rfc1 h6 22. h3 Ne4 23. Rxf8+ Bxf8 24. Rc8 f6 25. Nd4 Kf7 26. Rc2 Rxc2
27. Nxc2 g5 28. Bc7 Bd6 29. Bxd6 Nxd6 30. f3 Nf5 31. Kf2 Ke6 32. Nd4+ Nxd4 33.
exd4 f5 34. Kg3 h5 35. f4 Kf6 36. fxg5+ Kxg5 37. h4+ Kf6 38. Kf3 Kf7 39. Kf4
Kf6 40. g3 Ke6 41. Kg5 f4 42. gxf4 Ke7 43. Kxh5 Kf6 44. Kg4 Kg6 45. f5+ Kf6 46.
Kf4 1-0

[Event "ODEM U25B 2011"]
[Site "Oberhof GER"]
[Date "2011.06.17"]
[Round "8"]
[White "Oberhofer, Cédric"]
[Black "Hoppe, Andreas"]
[Result "1/2-1/2"]
[Termination "normal"]
[Board "10"]
[WhiteElo "1409"]
[BlackElo "1307"]
[PlyCount "102"]
[WhiteFideId "12941220"]
[BlackFideId "12922811"]
[EventCountry "GER"]
[EventRounds "9"]
[EventType "swiss"]
[EventDate "2011.06.11"]

1. e4 e5 2. Nf3 Nc6 3. Bb5 a6 4. Ba4 b5 5. Bb3 d6 6. c3 Nf6 7. d3 Bg4 8. O-O
Be7 9. h3 Bh5 10. Re1 O-O 11. Nbd2 Qd7 12. Nf1 Bg6 13. Ng3 Nh5 14. Nxh5 Bxh5
15. Bd5 Bg6 16. Be3 Kh8 17. Qc2 f5 18. Rad1 fxe4 19. dxe4 Bh5 20. Qe2 Bxf3 21.
gxf3 Rf6 22. Kg2 Raf8 23. Bxc6 Qxc6 24. Rh1 Qe8 25. Rdg1 Qh5 26. Kf1 Qxf3 27.
Qxf3 Rxf3 28. Ke2 R3f7 29. Rd1 Bh4 30. Rdf1 Rf6 31. Rhg1 Rf3 32. Rh1 Kg8 33.
Rh2 R3f7 34. Rg2 Rf6 35. Rg4 g5 36. Rg2 h6 37. f3 Kg7 38. Rgg1 Kf7 39. Bf2 Bxf2
40. Rxf2 Ke6 41. Rd1 c6 42. Ke3 d5 43. Rdd2 dxe4 44. fxe4 Rxf2 45. Rxf2 Rxf2
46. Kxf2 h5 47. Kg3 Kd6 48. b4 c5 49. a3 Kc6 50. h4 g4 51. Kg2 Kb6 1/2-1/2

[Event "ODEM U25B 2011"]
[Site "Oberhof GER"]
[Date "2011.06.17"]
[Round "8"]
[White "Denkert, Robert"]
[Black "Bauer, David"]
[Result "1/2-1/2"]
[Termination "normal"]
[Board "11"]
[WhiteElo "1220"]
[BlackElo "1531"]
[PlyCount "54"]
[WhiteFideId "12957216"]
[BlackFideId "12913197"]
[EventCountry "GER"]
[EventRounds "9"]
[EventType "swiss"]
[EventDate "2011.06.11"]

1. e4 e6 2. d4 d5 3. Nc3 dxe4 4. Nxe4 Nd7 5. Bb5 c6 6. Bc4 Ngf6 7. Bg5 Qa5+ 8.
Bd2 Qb6 9. Nxf6+ Nxf6 10. Bc3 Bb4 11. Rb1 Nd5 12. Ne2 Qa5 13. Bxd5 cxd5 14. O-O
Bxc3 15. Nxc3 Qc7 16. Qe2 a6 17. Nxd5 Qc6 18. Nc3 O-O 19. Qe4 Qd6 20. Rfc1 f6
21. Na4 Rd8 22. c3 Qd5 23. Nc5 Qxa2 24. Nxb7 Bxb7 25. Qxb7 Rab8 26. Qc6 Kf7 27.
Qc7+ Kf8 1/2-1/2

[Event "ODEM U25B 2011"]
[Site "Oberhof GER"]
[Date "2011.06.17"]
[Round "8"]
[White "Puffay, Jana"]
[Black "Cejda, Moritz"]
[Result "1/2-1/2"]
[Termination "normal"]
[Board "12"]
[WhiteElo "1394"]
[BlackElo "1179"]
[PlyCount "24"]
[WhiteFideId "24692360"]
[BlackFideId "12925152"]
[EventCountry "GER"]
[EventRounds "9"]
[EventType "swiss"]
[EventDate "2011.06.11"]

1. e4 e6 2. f4 d5 3. e5 c5 4. c3 Nc6 5. Na3 Nh6 6. Nc2 Be7 7. Nf3 O-O 8. Be2 f6
9. d4 Nf5 10. O-O Qb6 11. Rb1 Bd7 12. Be3 a6 1/2-1/2

[Event "ODEM U25B 2011"]
[Site "Oberhof GER"]
[Date "2011.06.17"]
[Round "8"]
[White "Goujov, Alexander"]
[Black "Mann, Jonas"]
[Result "1-0"]
[Termination "normal"]
[Board "13"]
[WhiteElo "1309"]
[BlackElo "1381"]
[PlyCount "117"]
[BlackFideId "12900214"]
[EventCountry "GER"]
[EventRounds "9"]
[EventType "swiss"]
[EventDate "2011.06.11"]

1. Nf3 e6 2. c4 d5 3. d4 Nf6 4. Nc3 Be7 5. Bf4 O-O 6. e3 Nbd7 7. Qc2 c6 8. cxd5
exd5 9. Bd3 Re8 10. O-O Nf8 11. h3 Bd6 12. Bxd6 Qxd6 13. e4 dxe4 14. Nxe4 Nxe4
15. Bxe4 Ng6 16. Rad1 Be6 17. Rfe1 Bd5 18. a3 Qe6 19. Bxd5 Qxd5 20. Re3 Rxe3
21. fxe3 Re8 22. Re1 f5 23. b3 h6 24. Qc4 Qxc4 25. bxc4 Kf7 26. Kf2 Kf6 27. g4
Re7 28. gxf5 Kxf5 29. Nd2 h5 30. e4+ Kf4 31. Rg1 Nh4 32. d5 cxd5 33. cxd5 g5
34. Re1 g4 35. hxg4 hxg4 36. d6 g3+ 37. Kg1 Re6 38. e5 Re8 39. d7 Rh8 40. e6
Nf3+ 41. Nxf3 Kxf3 42. Rf1+ Ke2 43. e7 Rh1+ 44. Kxh1 Kxf1 45. e8=Q g2+ 46. Kh2
g1=Q+ 47. Kh3 Qh1+ 48. Kg4 Qg2+ 49. Kf4 Qf2+ 50. Ke5 Qe3+ 51. Kd6 Qd4+ 52. Kc7
Qb6+ 53. Kc8 Qc6+ 54. Kb8 Qd6+ 55. Ka8 a5 56. d8=Q Qa6+ 57. Kb8 b6 58. Qf6+ Kg2
59. Qg8+ 1-0

[Event "ODEM U25B 2011"]
[Site "Oberhof GER"]
[Date "2011.06.17"]
[Round "8"]
[White "Fischer, Felix"]
[Black "ter Stal, Esther"]
[Result "1-0"]
[Termination "normal"]
[Board "14"]
[WhiteElo "1373"]
[BlackElo "847"]
[PlyCount "43"]
[BlackFideId "12944467"]
[EventCountry "GER"]
[EventRounds "9"]
[EventType "swiss"]
[EventDate "2011.06.11"]

1. e4 c6 2. d4 d5 3. Nc3 dxe4 4. Nxe4 Nd7 5. Nf3 Ngf6 6. Nc3 e6 7. Bg5 Bb4 8.
Bc4 O-O 9. O-O h6 10. Bh4 Re8 11. Qe2 Bd6 12. Ne5 c5 13. Nb5 Bb8 14. Nxd7 Bxd7
15. dxc5 a6 16. Nd6 Qc7 17. Bxf6 gxf6 18. Qh5 f5 19. Qxf7+ Kh8 20. Qg6 Re7 21.
Qxh6+ Rh7 22. Qf8# 1-0

[Event "ODEM U25B 2011"]
[Site "Oberhof GER"]
[Date "2011.06.17"]
[Round "8"]
[White "Schlichter, Lisa"]
[Black "Fabiunke, Jakob"]
[Result "0-1"]
[Termination "normal"]
[Board "16"]
[WhiteElo "1069"]
[BlackElo "1344"]
[PlyCount "72"]
[WhiteFideId "12926396"]
[BlackFideId "24686085"]
[EventCountry "GER"]
[EventRounds "9"]
[EventType "swiss"]
[EventDate "2011.06.11"]

1. e4 e5 2. Nf3 Nc6 3. Nc3 Nf6 4. d4 exd4 5. Nxd4 Bc5 6. Be3 Qe7 7. Nxc6 dxc6
8. Bxc5 Qxc5 9. Bd3 O-O 10. O-O Qg5 11. Qf3 Re8 12. Rfe1 Bd7 13. Rad1 Rad8 14.
Ne2 h6 15. Nf4 Bg4 16. Qe3 Bxd1 17. Rxd1 Nxe4 18. Qf3 Nc5 19. h3 Nxd3 20. Nxd3
Qd5 21. Qg3 Qxa2 22. Qxc7 Qa6 23. Qg3 c5 24. Rf1 Qd6 25. Qxd6 Rxd6 26. Nxc5 Rc6
27. Nxb7 Rxc2 28. b3 Rb8 29. Nd6 Rxb3 30. Re1 a5 31. Ra1 Rbb2 32. Ne4 Ra2 33.
Rb1 a4 34. Kf1 a3 35. Kg1 Rab2 36. Rd1 a2 0-1

[Event "ODEM U25B 2011"]
[Site "Oberhof GER"]
[Date "2011.06.17"]
[Round "8"]
[White "Weber, Yannik"]
[Black "Riedel, Erich"]
[Result "1-0"]
[Termination "normal"]
[Board "17"]
[WhiteElo "1542"]
[BlackElo "1137"]
[PlyCount "55"]
[WhiteFideId "24692700"]
[BlackFideId "12958646"]
[EventCountry "GER"]
[EventRounds "9"]
[EventType "swiss"]
[EventDate "2011.06.11"]

1. d4 d5 2. c4 e6 3. Nc3 Nf6 4. Nf3 c6 5. Bg5 Nbd7 6. e4 h6 7. Bxf6 Nxf6 8. e5
Nh7 9. c5 b6 10. b4 a5 11. a3 Bd7 12. Bd3 g6 13. O-O Ng5 14. cxb6 Qxb6 15. Na4
Qd8 16. Nc5 Be7 17. Nb7 Qb8 18. Nxa5 Kf8 19. Nxg5 hxg5 20. f4 Kg7 21. fxg5 Bxg5
22. Qf3 Qf8 23. Qg3 Qe7 24. Rf3 Rh4 25. Raf1 Rf8 26. Bxg6 Kxg6 27. Rf6+ Kh7 28.
Qxg5 1-0

[Event "ODEM U25B 2011"]
[Site "Oberhof GER"]
[Date "2011.06.17"]
[Round "8"]
[White "Neumann, Tiemon"]
[Black "Wolf, Sascha"]
[Result "0-1"]
[Termination "normal"]
[Board "18"]
[WhiteElo "1163"]
[BlackElo "1358"]
[PlyCount "62"]
[WhiteFideId "12925462"]
[EventCountry "GER"]
[EventRounds "9"]
[EventType "swiss"]
[EventDate "2011.06.11"]

1. e4 g6 2. d4 Bg7 3. Nf3 d6 4. Bc4 Nc6 5. O-O h6 6. h3 e5 7. d5 Nce7 8. Nc3 f5
9. Qd3 Nf6 10. Nh4 O-O 11. Re1 Nh5 12. Qf3 fxe4 13. Qd1 Nf4 14. Nxe4 Nf5 15.
Bxf4 Nxh4 16. Be3 Nf5 17. Bd2 a6 18. c3 Ne7 19. Qc1 g5 20. Qd1 Ng6 21. Qc2 Nf4
22. Ng3 Qf6 23. Ne4 Qf7 24. b3 b5 25. Bxf4 exf4 26. Be2 Qxd5 27. a4 Bf5 28.
axb5 Bxe4 29. Qxe4 Qxe4 30. Bc4+ Qxc4 31. bxc4 Bxc3 0-1

[Event "ODEM U25B 2011"]
[Site "Oberhof GER"]
[Date "2011.06.17"]
[Round "8"]
[White "Hoppe, Michael"]
[Black "Resch, Andreas"]
[Result "1-0"]
[Termination "normal"]
[Board "19"]
[WhiteElo "1098"]
[BlackElo "1351"]
[PlyCount "45"]
[WhiteFideId "12928747"]
[EventCountry "GER"]
[EventRounds "9"]
[EventType "swiss"]
[EventDate "2011.06.11"]

1. d4 d5 2. Bf4 Bf5 3. Nc3 Nf6 4. f3 e6 5. Qd2 c5 6. e3 Be7 7. Bb5+ Nbd7 8.
O-O-O O-O 9. g4 Bg6 10. h4 h6 11. h5 Bh7 12. Bd3 c4 13. Bxh7+ Nxh7 14. Nh3 Ng5
15. Bxg5 Bxg5 16. Nxg5 Qxg5 17. Rdg1 Qf6 18. f4 Kh7 19. Qg2 Rg8 20. g5 Qf5 21.
Rh3 f6 22. gxh6 gxh6 23. Rg3 1-0

[Event "ODEM U25B 2011"]
[Site "Oberhof GER"]
[Date "2011.06.17"]
[Round "8"]
[White "Müller, Philipp"]
[Black "Morio, Estelle"]
[Result "1-0"]
[Termination "normal"]
[Board "20"]
[WhiteElo "1328"]
[BlackElo "1012"]
[PlyCount "105"]
[BlackFideId "12951951"]
[EventCountry "GER"]
[EventRounds "9"]
[EventType "swiss"]
[EventDate "2011.06.11"]

1. e4 d6 2. d4 Nf6 3. Nc3 Nbd7 4. Nf3 e5 5. Bc4 Be7 6. O-O O-O 7. Re1 c6 8. Be3
b6 9. Qe2 a5 10. a4 Bb7 11. Rad1 Qc7 12. d5 Nc5 13. Bxc5 dxc5 14. b3 Rad8 15.
Rd2 cxd5 16. Nxd5 Nxd5 17. exd5 Bd6 18. Qd1 Rfe8 19. Ng5 e4 20. g3 Be5 21. Rxe4
Bf6 22. Rxe8+ Rxe8 23. Nh3 Bc8 24. Nf4 Bg5 25. d6 Qd8 26. d7 Rf8 27. dxc8=Q
Qxc8 28. Qf3 Qe8 29. Re2 Qd7 30. Bd3 h6 31. h4 Bf6 32. Qe4 g6 33. Kh2 Qd4 34.
Qxd4 Bxd4 35. Nd5 Kg7 36. Kg2 Rd8 37. Ne3 h5 38. Bc4 Rb8 39. Nd5 Kh6 40. f4 Bg7
41. Kf3 f6 42. Re6 Rf8 43. Nxb6 Rd8 44. Nd5 f5 45. Ne7 Kh7 46. Nxg6 Rd1 47. Ne5
Rc1 48. Bd3 Rd1 49. Bxf5+ Kg8 50. Bd3 Re1 51. Kf2 Rd1 52. Re8+ Bf8 53. Ng6 1-0

[Event "ODEM U25B 2011"]
[Site "Oberhof GER"]
[Date "2011.06.17"]
[Round "8"]
[White "Holle, Niklas"]
[Black "Reimann, Matthias"]
[Result "0-1"]
[Termination "normal"]
[Board "22"]
[WhiteElo "1060"]
[BlackElo "1541"]
[PlyCount "44"]
[BlackFideId "12928046"]
[EventCountry "GER"]
[EventRounds "9"]
[EventType "swiss"]
[EventDate "2011.06.11"]

1. e4 d6 2. d4 Nf6 3. Nc3 g6 4. Bc4 Bg7 5. Nf3 O-O 6. Be3 Nxe4 7. Nxe4 d5 8.
Bd3 dxe4 9. Bxe4 Nd7 10. Qd2 Nf6 11. Bd3 Ng4 12. O-O-O Be6 13. Bf4 Qd5 14. Rde1
Qxa2 15. Kd1 Qxb2 16. h3 Nf6 17. Ke2 Nd5 18. Bh6 Qc3 19. Bxg7 Qxd2+ 20. Nxd2
Kxg7 21. Ne4 Nf4+ 22. Ke3 Nxg2+ 0-1

[Event "ODEM U25B 2011"]
[Site "Oberhof GER"]
[Date "2011.06.17"]
[Round "8"]
[White "Polert, Jesper"]
[Black "Bauch, Florian"]
[Result "0-1"]
[Termination "normal"]
[Board "23"]
[WhiteElo "809"]
[BlackElo "1306"]
[PlyCount "130"]
[EventCountry "GER"]
[EventRounds "9"]
[EventType "swiss"]
[EventDate "2011.06.11"]

1. e4 e5 2. Nf3 Nc6 3. Bb5 a6 4. Ba4 Nf6 5. O-O b5 6. Bb3 Bc5 7. c3 d6 8. Re1
O-O 9. d4 Bb6 10. Bg5 Bb7 11. Qd2 Na5 12. Bd1 Nc4 13. Qe2 h6 14. Bh4 Re8 15. b3
Na5 16. d5 c6 17. c4 Rc8 18. Nbd2 Ba8 19. b4 bxc4 20. bxa5 Bxa5 21. Rf1 cxd5
22. exd5 Bxd5 23. Rc1 Bxd2 24. Qxd2 Bxf3 25. Bxf3 Ne4 26. Bxe4 Qxh4 27. Bb7 Rc7
28. Bxa6 Re6 29. Qe2 d5 30. Rfd1 Rxa6 31. Qxe5 Rxa2 32. Qf5 g6 33. Qf3 Rd7 34.
Rf1 Ra6 35. Qe2 Rf6 36. Qe8+ Kg7 37. Qxd7 Rf5 38. Rce1 Rh5 39. h3 c3 40. Re7
Rf5 41. Kh2 c2 42. Re2 Qf4+ 43. g3 c1=Q 44. Rxc1 Qxc1 45. Qa7 Qc4 46. Qa1+ Kh7
47. Qe1 d4 48. Re4 Qc5 49. Qd2 d3 50. Rf4 Qc2 51. Qxc2 dxc2 52. Rc4 Rxf2+ 53.
Kg1 Rd2 54. Rxc2 Rxc2 55. h4 f5 56. Kf1 Kg7 57. Kg1 Kf6 58. Kf1 Ke5 59. h5 g5
60. g4 f4 61. Ke1 Ke4 62. Kf1 Ke3 63. Kg1 Kf3 64. Kh1 Kg3 65. Kg1 Rc1# 0-1

[Event "ODEM U25B 2011"]
[Site "Oberhof GER"]
[Date "2011.06.17"]
[Round "8"]
[White "Eue, Vicky"]
[Black "Maiwald, Lars"]
[Result "1-0"]
[Termination "normal"]
[Board "24"]
[WhiteElo "1296"]
[BlackElo "940"]
[PlyCount "117"]
[WhiteFideId "12945838"]
[BlackFideId "12958999"]
[EventCountry "GER"]
[EventRounds "9"]
[EventType "swiss"]
[EventDate "2011.06.11"]

1. e4 Nf6 2. e5 Nd5 3. d4 d6 4. Nf3 dxe5 5. Nxe5 Nc6 6. Bb5 Bd7 7. Qf3 Nxe5 8.
Qxd5 Bxb5 9. Qxb5+ Nd7 10. Qxb7 g6 11. Nd2 Bg7 12. c3 O-O 13. O-O Re8 14. Nf3
e5 15. Qd5 exd4 16. cxd4 Nf6 17. Qxd8 Raxd8 18. Bf4 Nd5 19. Bg3 Ne7 20. Bxc7
Rd7 21. Be5 Bxe5 22. dxe5 Nc6 23. Rfe1 Nd4 24. Nxd4 Rxd4 25. Re2 f6 26. e6 Kf8
27. f3 Rd6 28. Rae1 Ke7 29. Kf2 Red8 30. g4 Rd2 31. Rxd2 Rxd2+ 32. Re2 Rd5 33.
h4 h5 34. gxh5 Rxh5 35. Kg3 g5 36. hxg5 Rxg5+ 37. Kf4 Rd5 38. Ke4 Re5+ 39. Kd3
Rf5 40. Re3 Rf4 41. a3 a5 42. b3 Rh4 43. Kc3 Rh5 44. b4 axb4+ 45. axb4 f5 46.
Kd4 Rh4+ 47. Kc5 Rh5 48. Re5 Rg5 49. Kd5 Rh5 50. b5 Rh1 51. Rxf5 Rd1+ 52. Kc6
Kxe6 53. Rc5 Rd6+ 54. Kb7 Rd3 55. f4 Kd6 56. Rc6+ Kd7 57. f5 Rf3 58. f6 Ke8 59.
Kc7 1-0

[Event "ODEM U25B 2011"]
[Site "Oberhof GER"]
[Date "2011.06.17"]
[Round "8"]
[White "Stein, Daniel"]
[Black "Thumm, Niklas"]
[Result "1-0"]
[Termination "normal"]
[Board "25"]
[WhiteElo "1252"]
[BlackElo "1016"]
[PlyCount "111"]
[WhiteFideId "12939307"]
[BlackFideId "12918733"]
[EventCountry "GER"]
[EventRounds "9"]
[EventType "swiss"]
[EventDate "2011.06.11"]

1. e4 e5 2. Nf3 Nc6 3. Bb5 d6 4. O-O Nf6 5. Re1 Bg4 6. h3 Bh5 7. c3 a6 8. Bxc6+
bxc6 9. d4 Be7 10. dxe5 dxe5 11. Qxd8+ Rxd8 12. Nxe5 Rd6 13. Bf4 O-O 14. Nd2
Re6 15. g4 Bg6 16. Nxg6 fxg6 17. Bxc7 Bc5 18. Bg3 Rd6 19. Nb3 Bb6 20. Bxd6 Nxg4
21. Bxf8 Bxf2+ 22. Kf1 Bxe1 23. Rxe1 Nh2+ 24. Kg2 Kxf8 25. Kxh2 Ke7 26. Nc5 a5
27. Nb7 a4 28. Nc5 Kd6 29. Nxa4 Ke5 30. Kg3 h6 31. Nb6 g5 32. Nd7+ Ke6 33. Nc5+
Ke5 34. a4 h5 35. a5 Kd6 36. e5+ Kxc5 37. e6 Kb5 38. e7 Kxa5 39. Re5+ Kb6 40.
Rxg5 g6 41. e8=Q Kb7 42. Qxc6+ Kxc6 43. Kf4 Kd6 44. Ke4 Kc6 45. c4 Kd6 46. b4
Kc6 47. Rxg6+ Kd7 48. Kd5 Ke7 49. Ra6 Kf7 50. Ke5 h4 51. Rb6 Kg7 52. Kf5 Kh7
53. Kf6 Kh6 54. Rb8 Kh7 55. Rc8 Kh6 56. Rh8# 1-0

[Event "ODEM U25B 2011"]
[Site "Oberhof GER"]
[Date "2011.06.17"]
[Round "8"]
[White "Hoffmann, Rasmus"]
[Black "Nabinger, Annalena"]
[Result "0-1"]
[Termination "normal"]
[Board "26"]
[WhiteElo "990"]
[BlackElo "1233"]
[PlyCount "80"]
[BlackFideId "12902225"]
[EventCountry "GER"]
[EventRounds "9"]
[EventType "swiss"]
[EventDate "2011.06.11"]

1. Nc3 g6 2. e4 Bg7 3. d4 d6 4. d5 Nf6 5. Be2 O-O 6. Be3 e6 7. dxe6 Bxe6 8. f4
Bd7 9. Bf3 Nc6 10. g4 Nxg4 11. Bxg4 Qh4+ 12. Bf2 Qxg4 13. Qxg4 Bxg4 14. Nge2
Rfe8 15. Rg1 Bxe2 16. Kxe2 Bxc3 17. bxc3 Rxe4+ 18. Kf3 Rae8 19. Rab1 b6 20. f5
Ra4 21. fxg6 fxg6 22. Ra1 Ne5+ 23. Kg2 Rg4+ 24. Kh1 Rxg1+ 25. Bxg1 Nf3 26. Rf1
Nxg1 27. Kxg1 Re2 28. Rf2 Rxf2 29. Kxf2 Kf7 30. Ke3 Ke6 31. Kd4 h5 32. Kc4 c6
33. a4 a6 34. a5 bxa5 35. Kb3 Kd5 36. Ka4 Kc4 37. Kxa5 Kxc3 38. Kxa6 d5 39. Kb6
d4 40. Kxc6 Kxc2 0-1

[Event "ODEM U25B 2011"]
[Site "Oberhof GER"]
[Date "2011.06.17"]
[Round "8"]
[White "Rose, Luis Stratos"]
[Black "Klinge, Sabina"]
[Result "1/2-1/2"]
[Termination "normal"]
[Board "27"]
[WhiteElo "1024"]
[BlackElo "1101"]
[PlyCount "75"]
[WhiteFideId "12976008"]
[BlackFideId "12949590"]
[EventCountry "GER"]
[EventRounds "9"]
[EventType "swiss"]
[EventDate "2011.06.11"]

1. d4 Nf6 2. Nf3 e6 3. c4 d5 4. Nc3 Be7 5. Bg5 O-O 6. e3 h6 7. Bh4 Ne4 8. Bxe7
Qxe7 9. cxd5 Nxc3 10. bxc3 exd5 11. Be2 Be6 12. O-O Nd7 13. Rb1 b6 14. Qa4 c5
15. Rfc1 c4 16. Nd2 a6 17. e4 b5 18. Qb4 Qg5 19. Nf3 Qg6 20. exd5 Bxd5 21. Qe7
Nf6 22. Qd6 Rfe8 23. Bd1 Re6 24. Qg3 Qxg3 25. hxg3 Rb8 26. a3 a5 27. Ba4 Reb6
28. Bd1 b4 29. cxb4 axb4 30. axb4 Rxb4 31. Rxb4 Rxb4 32. Be2 Nd7 33. Nd2 Nb6
34. Nb1 Na4 35. Kf1 Kf8 36. Ke1 Ke7 37. f3 Ke6 38. Kd1 1/2-1/2

[Event "ODEM U25B 2011"]
[Site "Oberhof GER"]
[Date "2011.06.17"]
[Round "8"]
[White "Scholz, Richard"]
[Black "Topf, Robin"]
[Result "1/2-1/2"]
[Termination "normal"]
[Board "28"]
[WhiteElo "1097"]
[BlackElo "1079"]
[PlyCount "74"]
[EventCountry "GER"]
[EventRounds "9"]
[EventType "swiss"]
[EventDate "2011.06.11"]

1. e4 e5 2. Nf3 Nc6 3. Bb5 a6 4. Ba4 f6 5. c3 Nge7 6. d4 exd4 7. cxd4 b5 8. Bb3
Ng6 9. a3 Bb7 10. Ba2 d6 11. Qb3 Qe7 12. Nc3 Na5 13. Qe6 Qxe6 14. Bxe6 c6 15.
O-O Bc8 16. Bxc8 Rxc8 17. d5 Nb3 18. Rb1 Nxc1 19. Rbxc1 c5 20. b4 c4 21. a4 Rb8
22. axb5 axb5 23. Ra1 Nf4 24. Ra5 Nd3 25. Rxb5 Rxb5 26. Nxb5 Nxb4 27. Rc1 Na6
28. Rxc4 Nc5 29. Nc7+ Kd7 30. Nb5 Be7 31. g4 Rb8 32. Nc3 Rb3 33. Nh4 g6 34. Na4
f5 35. Nxc5+ dxc5 36. Nxf5 gxf5 37. gxf5 Kd6 1/2-1/2

[Event "ODEM U25B 2011"]
[Site "Oberhof GER"]
[Date "2011.06.17"]
[Round "8"]
[White "Michalowski, Melina"]
[Black "Michalowski, Sophia"]
[Result "1/2-1/2"]
[Termination "normal"]
[Board "29"]
[WhiteElo "1184"]
[BlackElo "1014"]
[PlyCount "109"]
[WhiteFideId "12902462"]
[BlackFideId "12902454"]
[EventCountry "GER"]
[EventRounds "9"]
[EventType "swiss"]
[EventDate "2011.06.11"]

1. d4 d5 2. c4 c6 3. Nc3 Nf6 4. Bg5 e6 5. Nf3 Nbd7 6. e3 Be7 7. Bd3 dxc4 8.
Bxc4 O-O 9. O-O c5 10. d5 exd5 11. Bxd5 Nb6 12. Bb3 c4 13. Bc2 Re8 14. Qxd8
Rxd8 15. h3 Be6 16. Nd4 Bc8 17. Nf5 Bxf5 18. Bxf5 h6 19. Bf4 Nbd5 20. Nxd5 Nxd5
21. Bg3 c3 22. bxc3 Nxc3 23. Bc2 Ne2+ 24. Kh2 Nxg3 25. Kxg3 Bd6+ 26. f4 g5 27.
Bb3 Re8 28. Rae1 h5 29. Bd5 Rab8 30. Bf3 gxf4+ 31. exf4 h4+ 32. Kh2 Bxf4+ 33.
Kg1 Bg3 34. Rxe8+ Rxe8 35. Bxb7 Kf8 36. Bd5 Re1 37. Rxe1 Bxe1 38. Kf1 Bg3 39.
Ke2 f5 40. Kd3 Ke7 41. Kc4 Kd6 42. Bf3 Kc7 43. Kb5 Kb8 44. a4 Bf4 45. Bd5 Bg3
46. Bf3 Bf2 47. a5 Kc7 48. a6 Kd6 49. Kc4 Ke5 50. Kd3 Kf4 51. Ke2 Bb6 52. Bb7
Kg3 53. Bf3 f4 54. Kf1 Bc5 55. Ke2 1/2-1/2